Statystyki dla Wszystkie piosenki - Taco Hemingway

Kliknij tutaj aby rozwiązać quiz!

Ogólne statystyki

  • Ten quiz został rozwiązany 140 razy
    (40 od ostatniego zresetowania)
  • Średni wynik to 70 z 162

Statystyki odpowiedzi

HintOdpowiedź% Poprawnych
MarmurMarmur
91%
Soma 0,5 mg (z Quebonafide)Tamagotchi
91%
0,25 mg (z Quebonafide)Tamagotchi - Remix (feat. Dawid Podsiadło)
91%
Umowa o dziełoNastępna stacja
88%
SzprycerNostalgia
88%
Soma 0,5 mg (z Quebonafide)8 kobiet
84%
0,25 mg (z Quebonafide)8 kobiet - Remix (feat. Bedoes)
84%
Café BelgaCafé Belga
84%
JarmarkPolskie Tango
84%
POCZTÓWKA Z WWA, LATO '19W PIĄTKI LEŻĘ W WANNIE (feat. Dawid Podsiadło)
84%
SzprycerChodź
81%
Trójkąt WarszawskiSzlugi I Kalafiory
81%
Trójkąt WarszawskiTrójkąt
81%
WOSKWOSK
81%
Umowa o dzieło6 zer
78%
MarmurDeszcz na betonie (?)
78%
Soma 0,5 mg (z Quebonafide)Kryptowaluty
78%
1-800-OŚWIECENIE1-800-OŚWIECENIE
75%
Café BelgaFiji
75%
1-800-OŚWIECENIEGelato
75%
POCZTÓWKA Z WWA, LATO '19CZŁOWIEK Z DZIURĄ ZAMIAST KRTANI
69%
EuropaEuropa (feat. Bedoes)
69%
Café BelgaZTM
69%
Soma 0,5 mg (z Quebonafide)Metallica 808
66%
SzprycerTlen
66%
MarmurŻyrandol
66%
Umowa o dziełoBiałkoholicy
63%
Soma 0,5 mg (z Quebonafide)Intro
63%
1-800-OŚWIECENIEMakarena Freestyle
63%
Soma 0,5 mg (z Quebonafide)PIN
63%
MarmurWitaj w hotelu Marmur
63%
POCZTÓWKA Z WWA, LATO '19ANTYSMOGOWA MASKA W MOIM CARRY-ON BAGGAGE (feat. Pezet)
59%
Soma 0,5 mg (z Quebonafide)Art-B
59%
Umowa o dziełoAwizo
59%
MarmurMgła I (Siwe włosy)
59%
Soma 0,5 mg (z Quebonafide)Soma
59%
Trójkąt WarszawskiWszystko Jedno
59%
FlageyAnja
56%
Soma 0,5 mg (z Quebonafide)Ekodiesel
56%
0,25 mg (z Quebonafide)Ekodiesel - Remix (feat. Paluch)
56%
POCZTÓWKA Z WWA, LATO '19KABRIOLETY
56%
MarmurMgła II (Mówisz, masz)
56%
Trójkąt WarszawskiMięso
56%
Soma 0,5 mg (z Quebonafide)Visa
56%
0,25 mg (z Quebonafide)Visa - Remix (feat. KęKę)
56%
Umowa o dzieło+4822
53%
Umowa o dziełoA mówiłem CI
53%
SzprycerDele
53%
Trójkąt WarszawskiMarsz, Marsz
53%
0,25 mg (z Quebonafide)Outro
53%
SzprycerSaldo '07
53%
POCZTÓWKA Z WWA, LATO '19TIJUANA (feat. Kizo)
53%
Café BelgaWszystko na niby
53%
JarmarkInfluenza (feat. Gruby Mielkzy)
50%
MarmurKrwawa jesień
50%
JarmarkŁańcuch III: Korpo (feat. Artur Rojek)
50%
JarmarkŁańcuch II: Korek (feat. Artur Rojek)
50%
JarmarkŁańcuch I: Kiosk (feat. Artur Rojek)
50%
Soma 0,5 mg (z Quebonafide)Nóż
50%
Trójkąt Warszawski(Przerywnik)
50%
Soma 0,5 mg (z Quebonafide)Sectumsempra
50%
WOSKWIATR
50%
Umowa o dzieło100 kmh
47%
Szprycer35
47%
POCZTÓWKA Z WWA, LATO '19ALERT RCB (feat. schafter)
47%
SzprycerKarimata (Mute)
47%
Soma 0,5 mg (z Quebonafide)Mleko & miód
47%
FlageyPokédex (feat. Otsochodzi)
47%
Café BelgaReżyseria: Kubrick
47%
POCZTÓWKA Z WWA, LATO '19SANATORIUM (feat. Dawid Podsiadło & Rosalie.)
47%
0,25 mg (z Quebonafide)Wiem - Remix (feat. Kaz Bałagane)
47%
MarmurŻywot
47%
1-800-OŚWIECENIE1000 Dni Freestyle
44%
Trójkąt Warszawski900729
44%
FlageyBakayoko
44%
Umowa o dziełoOd zera
44%
POCZTÓWKA Z WWA, LATO '19WUJEK DOBRA RADA
44%
WOSK515
41%
Café BelgaAdieu
41%
FlageyCzarna kawa czeka
41%
1-800-OŚWIECENIEEINECEIWŚO-008-1
41%
WOSKKOŁA
41%
POCZTÓWKA Z WWA, LATO '19LECI NOWY FUTURE
41%
EuropaLuxembourg
41%
0,25 mg (z Quebonafide)Moje demony uciekły na urlop (feat. Białas)
41%
MarmurTsunami blond
41%
Soma 0,5 mg (z Quebonafide)Wiem
41%
POCZTÓWKA Z WWA, LATO '19WYTRAWNE (Z NUTĄ DESPERACJI)
41%
Café Belga2031
38%
Café Belga4 AM in Girona
38%
WOSKBXL
38%
0,25 mg (z Quebonafide)C3PO
38%
JarmarkDwuzłotówki Dancing
38%
Soma 0,5 mg (z Quebonafide)Giro d'Italia
38%
MarmurGrubo-chude psy
38%
FlageyItalodisco
38%
0,25 mg (z Quebonafide)Leonardo
38%
EuropaMichael Essien Birthday Party
38%
Café BelgaMotorola
38%
EuropaOrtalion
38%
MarmurŚwiecące prostokąty
38%
EuropaSztylet
38%
MarmurTo by było na tyle
38%
JarmarkW.N.P
38%
Jarmark1990s Utopia (feat. Kacha)
34%
SzprycerGłupi byt
34%
SzprycerI.S.W.T
34%
Young HemsLuck
34%
Café BelgaModigliani
34%
JarmarkPanie, to Wyście!
34%
EuropaPieniądz i Terror (feat. Oki)
34%
MarmurŚwiat jest WFem
34%
POCZTÓWKA Z WWA, LATO '19WWA VHS (feat. Ras)
34%
Café BelgaAbonent jest czasowo niedostępny
31%
0,25 mg (z Quebonafide)Benevento
31%
EuropaNa Paryskie Getto Pada Deszcz (feat. Borucci)
31%
JarmarkNie Mam Czasu (feat. CatchUp)
31%
JarmarkPOL Smoke
31%
MarmurPortier!
31%
MarmurŚlepe sumy
31%
JarmarkSzczękościsk
31%
WOSKSZCZERZE
31%
0,25 mg (z Quebonafide)TLC
31%
EuropaToskania Outro
31%
EuropaWWA NIE Berlin (feat. Szpaku)
31%
1-800-OŚWIECENIE#1 - WIELKOMIEJSKA BEZSENNOŚĆ
28%
EuropaGrand Prix
28%
1-800-OŚWIECENIEMain Stage Freestyle
28%
EuropaPireneje
28%
EuropaBig Pharma
25%
1-800-OŚWIECENIEMoże To Coś Zmieni?
25%
EuropaNie Ufam Sobie Sam
25%
1-800-OŚWIECENIEPakiet Platinum
25%
1-800-OŚWIECENIECodziennie
22%
MarmurJak cień
22%
1-800-OŚWIECENIEMix Sałat (feat. Daria Zawiałow)
22%
1-800-OŚWIECENIENametag (feat. Oki & schafter)
22%
MarmurŚciany mają uszy
22%
POCZTÓWKA Z WWA, LATO '19ALGORYTM
19%
1-800-OŚWIECENIECichosza (feat. Otsochodzi)
19%
1-800-OŚWIECENIENiedziela (feat. schafter)
19%
1-800-OŚWIECENIE#2 - GRZĘZNĄĆ W CISZY
16%
POCZTÓWKA Z WWA, LATO '19WIELKI GATSBY Z BENZYNOWEJ STACJI
16%
1-800-OŚWIECENIECałe Lata (feat. Dawid Podsiadło)
13%
Young HemsFuck Your List
13%
1-800-OŚWIECENIETU RADIO MARMUR #1
9%
Young Hems22
6%
1-800-OŚWIECENIE#3 - TUTTO PASSA
6%
1-800-OŚWIECENIE#7 - PRACA DOMOWA
6%
Young HemsListening To Arctic Monkeys
6%
1-800-OŚWIECENIETU RADIO MARMUR #2
6%
1-800-OŚWIECENIE#11 - LUSTERKO WSTECZNE
3%
1-800-OŚWIECENIE#4 - NESESER
3%
1-800-OŚWIECENIE#5 - GŁOSÓWKI DO REDAKCJI
3%
1-800-OŚWIECENIE#6 - DOBRY JAK DOBRY
3%
1-800-OŚWIECENIE#8 - KĄCIK KONSPIRACYJNY
3%
1-800-OŚWIECENIE#9 - SŁYSZY PAN?
3%
Young HemsBlueberries
3%
Young HemsChewbacca
3%
1-800-OŚWIECENIE#10 - JESTEM
0%
Young HemsHalle Berry
0%
Young HemsNormal Man / Pop Vulture
0%

Rozkład punktacji

Percentyl według liczby udzielonych odpowiedzi

Procent ludzi z każdym wynikiem

Twoja historia wyników

Nie rozwiązałeś tego quizu od ostatniego zresetowania